|
|
|
|
| LEADER |
00000nam a2200000 a 4500 |
| 001 |
vtls001324188 |
| 003 |
SK-MaSNL |
| 005 |
20260301005521.0 |
| 008 |
240318s1986 xx 0 und |
| 035 |
|
|
|a SNK000276892
|
| 040 |
|
|
|a SNK
|b slo
|c SNK
|e AACR2
|
| 100 |
1 |
|
|a Pexidr, Václav,
|d 1938-1986
|4 aut
|9 118978
|
| 245 |
1 |
0 |
|a Optimalizace Identifikace matematického modelu
|
| 260 |
|
|
|a Praha
|b Vysoká škola chemicko-technologická
|c 1986
|
| 300 |
|
|
|a 209 s.
|
| 958 |
|
|
|a OND
|
| 999 |
|
|
|c 545403
|d 547333
|
| 952 |
|
|
|t P60, <04>, [BOOK], {604}
|a SNK
|b SNK
|y VYP
|7 0
|p 17A0127392
|o snkIB 56980 D1
|0 0
|1 1
|4 0
|d 1998-03-11
|l 0
|r 2005-01-02 00:00:00
|w 2026-02-23
|